000 00452cam a22001337a 4500
008 180718b1962 xxu||||| |||| 00| 0 eng d
082 _aXA41x5442 M278
100 _aOwnership Flats Enquiry Committee
245 _aReport of the ownership flats enquiry committee
_cby Ownership Flats Enquiry Committee, Maharashtra
260 _aBombay
_bThe author
_c1962
300 _a75+p.
500 _aChairman: B.B. Paymaster
700 _aPaymaster, B.B. (Chairman)
999 _c489937
_d489937